000 00305nam a2200133 i 4500
001 bg
100 1 _aLEŚNIOK, Henryk
245 0 _aWykłady z geodezji /
_cH. Leśniok. T.1.
260 _aWarszawa,
_c1969.
040 _cBPK
041 _apol
942 _cKS
008 s pl f |000 0 pol
999 _c10484
_d10484
856 _uhttp://koha.tu.koszalin.pl/cgi-bin/koha/opac-detail.pl?biblionumber=10484
_yKatalog online BPK